000 00870nam a22002897a 4500
001 7734
003 FISKH
005 20250801143908.0
008 250801b cb ||||| |||| 00| 0 eng d
020 _a0590225626
040 _aFISKH
_beng
_cFISKH
_dFISKH
050 _aPZ8.W848 S
082 _a 813.54
100 _aWood, Audrey
_d(1948–)
245 _aSilly Sally /
_cBy Audrey Wood
250 _aThis edition first published in 1995
260 _aNew York :
_bScholastic,
_c1992
300 _a30 unnumbered pages :
_bcolor illustrations ;
_c28 cm
505 _aR
520 _aA rhyming story of Silly Sally, who makes many friends as she travels to town--backward and upside down.
521 8 _a680
_bLexile
521 8 _aR
_bRaz-Plus
650 _2Rhyming
_aSilly
650 _2Upside down
_aAudrey Wood
942 _2ddc
_cBK
_n0
999 _c7734
_d7734